Kvalitatívny prieskum trhu - skupinový rozhovor

Nevyhnutnosť prieskumu trhu. Druhy prieskumu. Metóda skupinového rozhovoru. Analýza získaných informácií.

Guardado en:
Detalles Bibliográficos
Autor principal: Adamková, Hana, 1969-
Formato: Capítulo de libro
Lenguaje:eslovaco
Materias:
Etiquetas: Agregar Etiqueta
Sin Etiquetas, Sea el primero en etiquetar este registro!

MARC

LEADER 00000naa a2200000 4500
001 r042286
005 20240502071336.8
041 0 |a slo 
044 |a SK 
245 1 0 |a Kvalitatívny prieskum trhu - skupinový rozhovor  |c Hana Adamková 
520 |a Nevyhnutnosť prieskumu trhu. Druhy prieskumu. Metóda skupinového rozhovoru. Analýza získaných informácií. 
610 2 0 |a prieskum trhu 
610 2 0 |a prieskum spotrebiteľský 
610 2 0 |a metódy 
610 2 0 |a metódy poznania 
100 1 |a Adamková, Hana, 1969-